000 00415 a2200109 4500
001 ART_4768
005 20260410161824.0
008 260409a
245 1 0 _aEstrategias gremiales de Canadá en relación con el Convenio Norteamericano de Libre Comercio
100 1 _aRobertson, David
773 0 _tRevista de trabajo
_gGlabalización y derechos sociales - Año 1, Nº 3 (jul./ago. 1994)
_wREV4713
999 _c22638
_d22638